00229nam a2200085Ia 4500008004100000082001700041100002500058245005200083300000800135210430s9999 xx 000 0 und d a342.73 H931S aSamuel P. Huntington 4aThe Soldier and The StatecSamuel P. Huntington a534